header

Scapegoats of September 11th (Record no. 126651)

MARC details
000 -LEADER
fixed length control field 02184nam a22004574a 4500
082 04 - DEWEY DECIMAL CLASSIFICATION NUMBER
Classification number 973.931
100 1# - MAIN ENTRY--AUTHOR NAME
Personal name Welch, Michael,
245 10 - TITLE STATEMENT
Title Scapegoats of September 11th
260 ## - PUBLICATION, DISTRIBUTION, ETC. (IMPRINT)
Place of publication New Brunswick, N.J. :
Name of publisher Rutgers University Press,
Year of publication c2006.
300 ## - PHYSICAL DESCRIPTION
Number of Pages x, 222 p.
490 1# - SERIES STATEMENT
Series statement Critical issues in crime and society
505 0# - FORMATTED CONTENTS NOTE
Formatted contents note Talking about terror -- Seeking a safer society -- Scapegoating and social insecurity -- Crusading against terror -- Hate crimes as backlash violence -- Profiling and detention in post-9/11 America -- State crimes in the war on terror -- Claiming effectiveness -- Assaulting civil liberties -- Culture of denial.
650 #0 - SUBJECT ADDED ENTRY--TOPICAL TERM
Topical Term War on Terrorism, 2001-2009
Topical Term September 11 Terrorist Attacks, 2001
Topical Term Hate crimes
Topical Term Arab Americans
Topical Term Islamophobia
Topical Term Prejudices
Topical Term Civil rights
856 40 - ELECTRONIC LOCATION AND ACCESS
Uniform Resource Identifier http://site.ebrary.com/lib/rucke/Doc?id=10214183

No items available.

© 2026 Rongo University
Contact us: librarian | system librarian | Rongo university